Problems And Policies Of Bengal Government/ (Record no. 215586)

MARC details
000 -LEADER
fixed length control field 00553nam a22001937a 4500
005 - DATE AND TIME OF LATEST TRANSACTION
control field 20260317150704.0
010 ## - LCCN (DPL NO)
LC control number ENG-147889
020 ## - INTERNATIONAL STANDARD BOOK NUMBER
International Standard Book Number 9789380036281
Terms of availability 300.00
035 ## - SYSTEM CONTROL NUMBER
System control number EN-131421
037 ## - SOURCE OF ACQUISITION
Source of stock number/acquisition DBAD
082 ## - DEWEY DECIMAL CLASSIFICATION NUMBER
Classification number 338.15
Edition number 1
100 ## - MAIN ENTRY--PERSONAL NAME
Personal name Deb, Srikumar
245 ## - TITLE STATEMENT
Title Problems And Policies Of Bengal Government/
Statement of responsibility, etc Srikumar Deb
250 ## - EDITION STATEMENT
Edition statement 1
260 ## - PUBLICATION, DISTRIBUTION, ETC. (IMPRINT)
Place of publication, distribution, etc Kolkata-9
Name of publisher, distributor, etc Mitram
Date of publication, distribution, etc 2011
270 ## - ADDRESS
Address 37A, College Street Kolkata-73
City Kolkata
Postal code 700 073
300 ## - PHYSICAL DESCRIPTION
Extent 331p.
Dimensions 22cm(pb)
942 ## - ADDED ENTRY ELEMENTS (KOHA)
Source of classification or shelving scheme Dewey Decimal Classification
Item type English Books
Classification part 338.15
Call number suffix DEB
Edition 1
Holdings
Withdrawn status Lost status Not for loan Collection code Home library Current library Date acquired Source of acquisition Cost, normal purchase price Full call number Barcode Copy number Cost, replacement price Koha item type
    Not For Loan Non-fiction D.B.Act.Division D.B.Act.Division 17/03/2026 DBAD 300.00 338.15 DEB EN-131421 1 300.00 English Books

© Delhi Public Library
Hit Counter
free hit counter